000
00289nam a2200133Ia 4500
003
OSt
005
20240313104000.0
008
170524s9999 xx 000 0 und d
020
_a
978-8174463456
040
_c
IIMT
100
_a
GUPTA- S.L
245
0
_a
MARKETING RESEARCH
942
_2
ddc
_c
02
999
_c
9800
_d
9800